K-pop groups based on picture - Statistics

General Stats
  • This quiz has been taken 26 times
  • The average score is 13 of 16
Answer Stats
Picture Answer % Correct
Aespa
100%
BLACKPINK
100%
BTS
100%
Stray Kids
100%
ENHYPEN
96%
SEVENTEEN
96%
Twice
96%
NewJeans
92%
ITZY
88%
EXO
84%
(G)I-dle
76%
LE SSERAFIM
76%
SHINee
64%
Everglow
52%
ZEROBASEONE
52%
Fifty Fifty
24%
No matching quizzes found
Score Distribution
Percent of People with Each Score
Percentile by Number Answered
Your Score History
You have not taken this quiz